Textbook of anatomy and physiology / (Record no. 1725)

000 -LEADER
fixed length control field 01179cam a2200325 i 4500
003 - CONTROL NUMBER IDENTIFIER
control field OSt
005 - DATE AND TIME OF LATEST TRANSACTION
control field 20210630051158.0
008 - FIXED-LENGTH DATA ELEMENTS--GENERAL INFORMATION
fixed length control field 740923s1975 moua b 001 0 eng
020 ## - INTERNATIONAL STANDARD BOOK NUMBER
International Standard Book Number 0801602548
040 ## - CATALOGING SOURCE
Transcribing agency DLC
050 00 - LIBRARY OF CONGRESS CALL NUMBER
Classification number QP34.5
Item number .A59 1975
060 ## - NATIONAL LIBRARY OF MEDICINE CALL NUMBER
Classification number QS4 A628t
100 1# - MAIN ENTRY--PERSONAL NAME
Personal name Anthony, Catherine Parker,
Dates associated with a name 1907-
245 10 - TITLE STATEMENT
Title Textbook of anatomy and physiology /
Statement of responsibility, etc. Catherine Parker Anthony, with the collaboration of Norma Jane Kolthoff.
250 ## - EDITION STATEMENT
Edition statement 9th ed., with 336 figures (145 in color ) /
Remainder of edition statement including 239 by Ernest W. Beck, and an insert on human anatomy containing 15 full-color, full-page color plates, with six in transparent Trans-Vision ® (by Ernest W. Beck).
260 ## - PUBLICATION, DISTRIBUTION, ETC.
Place of publication, distribution, etc. Saint Louis :
Name of publisher, distributor, etc. Mosby,
Date of publication, distribution, etc. 1975.
300 ## - PHYSICAL DESCRIPTION
Extent viii, 598 p. :
Other physical details ill. ;
Dimensions 26 cm.
500 ## - GENERAL NOTE
General note Includes index.
504 ## - BIBLIOGRAPHY, ETC. NOTE
Bibliography, etc. note Bibliography: p. 545-548.
650 #0 - SUBJECT ADDED ENTRY--TOPICAL TERM
Topical term or geographic name entry element Human physiology.
650 #0 - SUBJECT ADDED ENTRY--TOPICAL TERM
Topical term or geographic name entry element Human anatomy.
650 #2 - SUBJECT ADDED ENTRY--TOPICAL TERM
Topical term or geographic name entry element Anatomy.
650 #2 - SUBJECT ADDED ENTRY--TOPICAL TERM
Topical term or geographic name entry element Physiology.
700 1# - ADDED ENTRY--PERSONAL NAME
Personal name Kolthoff, Norma Jane,
Dates associated with a name 1921-
Relator term joint author.
906 ## - LOCAL DATA ELEMENT F, LDF (RLIN)
a 7
b cbc
c orignew
d 1
e ocip
f 19
g y-gencatlg
942 ## - ADDED ENTRY ELEMENTS (KOHA)
Source of classification or shelving scheme
Koha item type Book
Suppress in OPAC MM
Holdings
Withdrawn status Lost status Source of classification or shelving scheme Damaged status Not for loan Permanent Location Current Location Shelving location Date acquired Total Checkouts Full call number Barcode Date last seen Price effective from Koha item type Public note
          AU LIBRARY AU LIBRARY Open Shelf 30.06.2021   QP34.5 .A59 1975 28000714 30.06.2021 30.06.2021 Book MM

Powered by Koha